LEADER 01354nam a2200337 a 4500 001 000000150301 003 CaOOAMICUS 005 20160310155924.0 008 160310s2014 it u000 u ita r 020 $a978-88-5752-092-6* 032 $aLibriCat 040 $aPUL$bita 082 14$a616 245 00$aCon i tuoi occhi :$bsull'intersoggettivitą /$ca cura di Antonio De Luca e Anna Maria Pezzella. 260 $aMilano :$bMimesis,$c©2014. 300 $a253 p. ;$c21 cm. 490 1 $aFilosofie ;$v309 504 $aBibliografia in nota a pič pagina. 650 04$aPsicanalisi.$0(OLS)http://pul/subject/1791 700 1 $aDe Luca, Antonio.$0(OLS)http://pul/name/95696 700 1 $aPezzella, Anna Maria.$0(OLS)http://pul/name/30838 830 0$aFilosofie (Mimesis) ;$v309.$0(OLS)http://pul/title/142788 850 $aPUL 852 $aPUL$W1$xSL Cons. Gen., Altre Classi 3$y75$m616 DELAN 1$j172864$qDDC 21$B174806$CPULBib$Z2$F174806 $H127442 $81 941 1 $a9 960 $aPsicoanalisi$91791 996 $6020$a978-88-5752-092-6*$9(OLS)http://pul/number/160027 996 $6082$a616$9(OLS)http://pul/classification/652 996 $6245$aCon i tuoi occhi :$bsull'intersoggettivitą$9(OLS)http://pul/title/189407 996 $6260$aMilano :$bMimesis$9(OLS)http://pul/publisher/62763 LEADER 01118nam a2200265 a 4500 001 000000150599 003 CaOOAMICUS 005 20160317170759.0 008 160317s1900 it u000 u ita r 032 $aLibriCat 040 $aPUL$bita 100 1 $aGiordano, Antonino,$cO.F.M.Cap.$0(OLS)http://pul/name/12094 245 10$aBreve esposizione della Divina Commedia /$cAntonino Giordano. 250 $aTerza edizione riveduta e ampliata. 260 $aNapoli :$bL. Pierro,$c1900. 300 $a140 p. :$c20 cm. 504 $aBibliografia in nota a pič pagina. 600 04$aDante Alighieri,$d1265-1321$xCritica e interpretazione.$0(OLS)http://pul/subject/2562 600 04$aDante Alighieri,$d1265-1321$tDivina Commedia$xCritica e interpretazione.$0(OLS)http://pul/subject/7363 850 $aPUL 852 $aPUL$W1$xDP1 Cons. Gen., Altre Classi 1$y22$m699 E 7$j173101$qStampati$B175149$CPULBib$Z2$F175149 $81 941 1 $a8 996 $6245$aBreve esposizione della Divina Commedia$9(OLS)http://pul/title/189755 996 $6260$aNapoli :$bL. Pierro$9(OLS)http://pul/publisher/48534